Normal view
MARC view
- Shafi, Nimra (TCC-19)
Entry Personal Name
001 - CONTROL NUMBER
- control field: 132042
003 - CONTROL NUMBER IDENTIFIER
- control field: NUST
005 - DATE AND TIME OF LATEST TRANSACTION
- control field: 20251124170051.0
008 - FIXED-LENGTH DATA ELEMENTS
- fixed length control field: 251124|| aca||aabn | a|a d
040 ## - CATALOGING SOURCE
- Original cataloging agency: NUST
- Transcribing agency: NUST
100 ## - HEADING--PERSONAL NAME
- Personal name: Shafi, Nimra (TCC-19)
670 ## - SOURCE DATA FOUND
- Source citation: Work cat.: (NUST)188973: Shafi, Nimra (TCC-19), 3D through the wall microwave imaging /, August 2011
